[Event "Veletrzni turnaj 2018"]
[Site "Střední škola informatiky, "]
[Date "2018.08.26"]
[Round "1.28"]
[White "Prokop, Jiri"]
[Black "Habinova, Alice"]
[Result "0-1"]
[WhiteElo "1683"]
[BlackElo "1396"]
[PlyCount "98"]
[EventDate "2018.08.26"]

1. f4 d5 2. Nf3 Nf6 3. d4 Bf5 4. e3 e6 5. Be2 Be7 6. O-O O-O 7. Ne5 h6 8. Nd2
Nbd7 9. c4 c6 10. b3 Ne4 11. Nxe4 Bxe4 12. Nxd7 Qxd7 13. Bd3 Bxd3 14. Qxd3 Rad8
15. c5 b6 16. cxb6 axb6 17. a4 Ra8 18. Ba3 Rfc8 19. Bxe7 Qxe7 20. Rfc1 Qb4 21.
Qc3 Qxc3 22. Rxc3 c5 23. Rac1 Ra5 24. b4 Rxa4 25. bxc5 bxc5 26. Rxc5 Rxc5 27.
dxc5 Ra8 28. Kf2 Kf8 29. g4 Ke7 30. h4 Kf6 31. c6 Rc8 32. e4 Ke7 33. e5 Kd8 34.
Ke3 Kc7 35. f5 Kb6 36. fxe6 fxe6 37. Rb1+ Kxc6 38. Rc1+ Kd7 39. Rxc8 Kxc8 40.
Kd4 Kc7 41. Kc5 g6 42. h5 g5 43. Kb5 Kb7 44. Kc5 Ka6 45. Kd6 d4 46. Kxe6 d3 47.
Kf7 d2 48. e6 d1=Q 49. e7 Qxg4 0-1

[Event "Veletrzni turnaj 2018"]
[Site "Střední škola informatiky, "]
[Date "2018.08.26"]
[Round "1.29"]
[White "Koci, Milos"]
[Black "Lisik, Miroslav"]
[Result "1/2-1/2"]
[WhiteElo "1395"]
[BlackElo "1667"]
[PlyCount "39"]
[EventDate "2018.08.26"]

1. d4 d5 2. Bf4 e6 3. Nf3 Nf6 4. e3 Nbd7 5. Be2 c5 6. c3 Be7 7. Nbd2 b6 8. O-O
Bb7 9. h3 Ne4 10. Qc2 O-O 11. Bd3 f5 12. Rfe1 g5 13. Bh2 g4 14. hxg4 fxg4 15.
Ne5 Nxe5 16. Bxe5 Bd6 17. Nxe4 Bxe5 18. dxe5 dxe4 19. Bxe4 Bxe4 20. Qxe4
1/2-1/2

[Event "Veletrzni turnaj 2018"]
[Site "Střední škola informatiky, "]
[Date "2018.08.26"]
[Round "1.30"]
[White "Feldvabl, Vilem"]
[Black "Dumek, Ales"]
[Result "1-0"]
[WhiteElo "1661"]
[BlackElo "1312"]
[PlyCount "61"]
[EventDate "2018.08.26"]

1. d4 d5 2. c4 c6 3. cxd5 Qxd5 4. Nf3 Nf6 5. Nc3 Qd8 6. Bf4 g6 7. h3 Bg7 8. e3
O-O 9. Be2 Nbd7 10. O-O a6 11. Qb3 b5 12. Rac1 Bb7 13. a4 Ra7 14. Rfd1 Qa8 15.
Ne1 Re8 16. Bf3 e6 17. Ne4 Nxe4 18. Bxe4 Rc8 19. Bd6 c5 20. Bxb7 Rxb7 21. dxc5
bxa4 22. Qxa4 Ne5 23. b3 Nc6 24. Nd3 a5 25. f4 Nb4 26. Nxb4 Rxb4 27. Qa2 a4 28.
bxa4 Rxa4 29. Qe2 Ra1 30. Rxa1 Bxa1 31. Qd3 1-0

[Event "Veletrzni turnaj 2018"]
[Site "Střední škola informatiky, "]
[Date "2018.08.26"]
[Round "1.31"]
[White "Svoboda, Daniel"]
[Black "Nezval, Filip"]
[Result "0-1"]
[WhiteElo "1278"]
[BlackElo "1659"]
[PlyCount "34"]
[EventDate "2018.08.26"]

1. e4 c6 2. d4 d5 3. e5 Bf5 4. Nf3 e6 5. Bd3 Bg6 6. Be3 Ne7 7. Nh4 Nd7 8. Nc3
c5 9. O-O cxd4 10. Nb5 Nc6 11. Nxg6 hxg6 12. Nxd4 Nxd4 13. Bxd4 Qh4 14. f4
Qxh2+ 15. Kf2 Qxf4+ 16. Kg1 Qxd4+ 17. Rf2 Bc5 0-1

[Event "Veletrzni turnaj 2018"]
[Site "Střední škola informatiky, "]
[Date "2018.08.26"]
[Round "1.32"]
[White "Zejda, Karel"]
[Black "Vavrinkova, Marie"]
[Result "1/2-1/2"]
[WhiteElo "1647"]
[BlackElo "1228"]
[PlyCount "102"]
[EventDate "2018.08.26"]

1. d4 d5 2. Nf3 Nf6 3. Bg5 Bf5 4. e3 e6 5. Be2 Be7 6. Nbd2 O-O 7. O-O Nbd7 8.
h3 c5 9. c3 Ne4 10. Bxe7 Qxe7 11. dxc5 Ndxc5 12. Nd4 Bg6 13. Qe1 e5 14. N4f3
Nd6 15. g3 Nd3 16. Qd1 Nxb2 17. Qb3 Nd3 18. Qxd5 e4 19. Nh4 Ne5 20. Nxg6 Nxg6
21. c4 Rfe8 22. c5 Nc8 23. Rab1 Rd8 24. Qxb7 Qxb7 25. Rxb7 Rxd2 26. Bc4 h6 27.
Bxf7+ Kh7 28. Rc1 Ne5 29. Be6 Nd3 30. Bf5+ Kh8 31. Rc4 Nxf2 32. Rc7 Rxa2 33.
Bxc8 a5 34. Bb7 Nxh3+ 35. Kh1 Rf8 36. Rc8 Rxc8 37. Bxc8 Ng5 38. Rc1 Ra3 39. Bg4
Nf7 40. c6 Nd6 41. c7 Rxe3 42. Kg2 a4 43. c8=Q+ Nxc8 44. Rxc8+ Kh7 45. Kh3 a3
46. Ra8 Kg6 47. Ra5 Kf6 48. Ra6+ Kg5 49. Ra5+ Kf6 50. Kg2 Rc3 51. Kf2 Rc2+
1/2-1/2

[Event "Veletrzni turnaj 2018"]
[Site "Střední škola informatiky, "]
[Date "2018.08.26"]
[Round "1.35"]
[White "Ivanov, Alexandr"]
[Black "Bata, Jiri"]
[Result "0-1"]
[WhiteElo "1016"]
[BlackElo "1620"]
[PlyCount "94"]
[EventDate "2018.08.26"]

1. e4 e6 2. Nf3 d5 3. d3 dxe4 4. dxe4 Qxd1+ 5. Kxd1 Bc5 6. Ke1 Nf6 7. Nc3 a6 8.
Bf4 c6 9. Kd2 O-O 10. Rd1 Bxf2 11. Kc1 Nbd7 12. e5 Nd5 13. Nxd5 cxd5 14. Rd2
Bc5 15. Be2 b5 16. g4 f6 17. h4 fxe5 18. Bxe5 Be3 19. Rh3 Bxd2+ 20. Kxd2 Nxe5
21. Nxe5 Bb7 22. Nd7 Rf7 23. Ne5 Rc7 24. g5 Rf8 25. g6 hxg6 26. Nxg6 Rf2 27. h5
Bc8 28. h6 gxh6 29. Rxh6 Kg7 30. Rh3 Kxg6 31. Rg3+ Kf6 32. b3 Rg7 33. Rxg7 Kxg7
34. Ke3 Rh2 35. c4 Bd7 36. c5 e5 37. b4 Rh4 38. Bd1 Rxb4 39. a3 Rh4 40. Kd3
Rh3+ 41. Ke2 Rxa3 42. Kd2 e4 43. Ke2 Bg4+ 44. Kd2 Bxd1 45. Kxd1 Rc3 46. Kd2 d4
47. c6 Rxc6 0-1

[Event "Veletrzni turnaj 2018"]
[Site "Střední škola informatiky, "]
[Date "2018.08.26"]
[Round "2.1"]
[White "Pokorny, Petr"]
[Black "Vanicek, Jan"]
[Result "1/2-1/2"]
[WhiteElo "2233"]
[BlackElo "1721"]
[PlyCount "52"]
[EventDate "2018.08.26"]

1. d4 d5 2. c4 Nf6 3. cxd5 Qxd5 4. Nc3 Qd8 5. e4 c6 6. Bc4 e6 7. Nf3 Be7 8. O-O
O-O 9. Qe2 Nbd7 10. Re1 Nb6 11. Bd3 Re8 12. Bg5 Nfd7 13. Bf4 Nf8 14. Rac1 Ng6
15. Bg3 Nd7 16. Bb1 Nf6 17. e5 Nh5 18. Qe4 Nxg3 19. fxg3 Qb6 20. b3 Ba3 21. Rc2
Bd7 22. Rf1 c5 23. d5 c4+ 24. Kh1 cxb3 25. axb3 exd5 26. Nxd5 Qb5 1/2-1/2

[Event "Veletrzni turnaj 2018"]
[Site "Střední škola informatiky, "]
[Date "2018.08.26"]
[Round "2.2"]
[White "Rehurek, Karel"]
[Black "Bullen, Alex"]
[Result "0-1"]
[WhiteElo "1728"]
[BlackElo "2120"]
[PlyCount "62"]
[EventDate "2018.08.26"]

1. e4 c6 2. d4 d5 3. exd5 cxd5 4. c4 Nf6 5. Nc3 e6 6. c5 Nc6 7. Nf3 Ne4 8. Bb5
Nxc3 9. Bxc6+ bxc6 10. bxc3 Ba6 11. Ne5 Qh4 12. Qf3 f6 13. Nxc6 Rc8 14. Nb4 Bc4
15. g4 h5 16. Bf4 e5 17. dxe5 hxg4 18. Qg3 Qxg3 19. Bxg3 Bxc5 20. Nc2 fxe5 21.
Bxe5 O-O 22. Ne3 Rce8 23. Bd4 Bxd4 24. cxd4 Re4 25. Rg1 Rff4 26. Rd1 a6 27. a3
Bb5 28. Rg3 Bd7 29. Rd2 g5 30. Ke2 Rxd4 31. Nxd5 Rxf2+ 0-1

[Event "Veletrzni turnaj 2018"]
[Site "Střední škola informatiky, "]
[Date "2018.08.26"]
[Round "2.3"]
[White "Nekvasil, Radek"]
[Black "Jires, Jiri"]
[Result "0-1"]
[WhiteElo "1720"]
[BlackElo "2029"]
[PlyCount "60"]
[EventDate "2018.08.26"]

1. b4 c6 2. c4 d5 3. e3 Nf6 4. Bb2 Bf5 5. a3 e6 6. Nc3 Nbd7 7. Nf3 h6 8. d3 Be7
9. Be2 O-O 10. Nd4 Bh7 11. Nf3 c5 12. b5 d4 13. exd4 cxd4 14. Nxd4 Nc5 15. Na2
e5 16. Nf3 Bxd3 17. Nxe5 Bxe2 18. Qxe2 Bd6 19. O-O Re8 20. Rad1 Qc7 21. Rfe1
Nfd7 22. Rxd6 Qxd6 23. Qd1 Qxd1 24. Rxd1 Nxe5 25. Bxe5 Rxe5 26. Nc3 Rae8 27.
Kf1 Ne4 28. Nd5 Nd2+ 29. Kg1 Re1+ 30. Rxe1 Rxe1# 0-1

[Event "Veletrzni turnaj 2018"]
[Site "Střední škola informatiky, "]
[Date "2018.08.26"]
[Round "2.4"]
[White "Zikan, Karel"]
[Black "Popper, Tomas"]
[Result "0-1"]
[WhiteElo "1712"]
[BlackElo "2025"]
[PlyCount "78"]
[EventDate "2018.08.26"]

1. Nf3 Nf6 2. g3 b6 3. Bg2 Bb7 4. O-O e6 5. c4 Be7 6. Nc3 O-O 7. d4 d6 8. b3
Nbd7 9. Bb2 a6 10. Qc2 c5 11. Rad1 Qc7 12. Rfe1 d5 13. cxd5 exd5 14. dxc5 bxc5
15. e3 Rfc8 16. Rc1 Nf8 17. Red1 Bc6 18. Nh4 Rd8 19. Nf5 Ne6 20. Nxe7+ Qxe7 21.
Ne2 Rac8 22. Ba3 Qb7 23. Bh3 d4 24. Bxe6 fxe6 25. Nf4 e5 26. Qc4+ Kh8 27. Nh3
Qd7 28. Ng5 Bd5 29. Qf1 h6 30. e4 Bb7 31. Nf3 Nxe4 32. Nxe5 Qe6 33. Nd3 Nc3 34.
Nf4 Qc6 35. Qg2 Nxd1 36. Qxc6 Rxc6 37. Rxd1 c4 38. bxc4 Rxc4 39. Ne6 Bf3 0-1

[Event "Veletrzni turnaj 2018"]
[Site "Střední škola informatiky, "]
[Date "2018.08.26"]
[Round "2.5"]
[White "Khadash, Kamil"]
[Black "Straka, Vojtech"]
[Result "1-0"]
[WhiteElo "1701"]
[BlackElo "1977"]
[PlyCount "81"]
[EventDate "2018.08.26"]

1. d4 c6 2. c4 d5 3. cxd5 cxd5 4. Nc3 Nf6 5. g3 Nc6 6. Bg2 g6 7. Bg5 Bg7 8. e3
e6 9. Rc1 Qb6 10. Qd2 Bd7 11. Nge2 O-O 12. h4 Qa6 13. Nf4 Ne4 14. Bxe4 dxe4 15.
Nxe4 f6 16. Nc5 Qxa2 17. Nxd7 fxg5 18. hxg5 Rxf4 19. gxf4 Qd5 20. Ke2 Qxd7 21.
Rh2 Bxd4 22. Rch1 Qd5 23. Rxh7 Bg7 24. Qc2 Qf5 25. Qb3 Qe4 26. Rxg7+ Kf8 27.
Rd1 Ne7 28. Rh7 Rc8 29. Qa3 Qc2+ 30. Ke1 Qc7 31. Qb4 a5 32. Qd4 e5 33. fxe5 Kg8
34. Rh6 a4 35. e6 Qa5+ 36. Kf1 Qb5+ 37. Rd3 Rc1+ 38. Ke2 Rc2+ 39. Kd1 Qxb2 40.
Qd8+ Kg7 41. Qh8# 1-0

[Event "Veletrzni turnaj 2018"]
[Site "Střední škola informatiky, "]
[Date "2018.08.26"]
[Round "2.6"]
[White "Pokladnik, Martin"]
[Black "Feldvabl, Vilem"]
[Result "1-0"]
[WhiteElo "1957"]
[BlackElo "1661"]
[PlyCount "157"]
[EventDate "2018.08.26"]

1. e4 e5 2. Nf3 Nf6 3. Nxe5 d6 4. Nf3 Nxe4 5. Nc3 Nxc3 6. dxc3 Be6 7. Nd4 Bd7
8. Bc4 Nc6 9. Be3 Ne5 10. Be2 Qe7 11. h3 g6 12. Qd2 Bg7 13. O-O-O O-O-O 14.
Rhe1 Rhe8 15. f4 Nc6 16. Nxc6 Bxc6 17. Bxa7 Qh4 18. Bf2 Qh6 19. Bf1 Bf6 20. Kb1
Qf8 21. g3 Bf3 22. Rxe8 Rxe8 23. Re1 Rxe1+ 24. Qxe1 Qe7 25. Qxe7 Bxe7 26. c4 b6
27. Bd4 c5 28. Bc3 Kc7 29. Kc1 f5 30. Kd2 Bc6 31. b3 Bb7 32. a4 Ba8 33. a5 Bb7
34. axb6+ Kxb6 35. Bg7 Bc6 36. Kc3 Be4 37. Kb2 Bc6 38. Ka3 Bb7 39. b4 Be4 40.
c3 Bb7 41. Kb3 Be4 42. Kb2 Bb7 43. Kc2 Be4+ 44. Kd2 Bc6 45. Ke3 Bb7 46. Kf2 Ba6
47. Be2 Bb7 48. Bd3 Bc8 49. Ke3 Be6 50. Be2 Kc7 51. Kd3 Kb6 52. Bf3 Bf7 53.
bxc5+ dxc5 54. Bd5 Be8 55. Be5 h5 56. Ke3 Bd8 57. Kf3 Be7 58. g4 hxg4+ 59. hxg4
fxg4+ 60. Kxg4 Bd8 61. Kf3 Be7 62. Ke4 Bd8 63. Bg7 Bc7 64. Bf6 Ka5 65. Be7 Kb6
66. Kf3 Bd7 67. Be4 Be8 68. Kg4 Bb8 69. Bd8+ Ka6 70. Be7 Kb6 71. Kg5 Bc7 72.
Bg2 Bb8 73. Bd8+ Ka6 74. Be4 Bd6 75. Bf6 Kb6 76. Be5 Be7+ 77. Kh6 Bf7 78. Bd5
Be8 79. Kg7 1-0

[Event "Veletrzni turnaj 2018"]
[Site "Střední škola informatiky, "]
[Date "2018.08.26"]
[Round "2.7"]
[White "Blazek, Pavel"]
[Black "Snorek, Milan"]
[Result "1/2-1/2"]
[WhiteElo "1697"]
[BlackElo "1956"]
[PlyCount "120"]
[EventDate "2018.08.26"]

1. Nc3 c5 2. Nf3 e6 3. d4 cxd4 4. Nxd4 a6 5. e4 Qc7 6. Be2 Nf6 7. f4 Bb4 8. O-O
Bxc3 9. bxc3 Nxe4 10. Bd3 Nf6 11. Qe1 O-O 12. Ba3 d6 13. Rf3 Re8 14. Qh4 e5 15.
fxe5 Rxe5 16. Rxf6 gxf6 17. Qxh7+ Kf8 18. Bxd6+ Qxd6 19. Qh8+ Ke7 20. Qxc8 Qd7
21. Nf5+ Rxf5 22. Bxf5 Qxc8 23. Bxc8 b5 24. Re1+ Kd8 25. Bb7 Ra7 26. Rd1+ Ke7
27. Bd5 Nd7 28. Re1+ Ne5 29. c4 Kd6 30. Rd1 Kc5 31. cxb5 axb5 32. Bb3 Nc4 33.
Rf1 Ra6 34. Rf5+ Ne5 35. Bxf7 Kd4 36. Bb3 Ke4 37. Rf1 Rd6 38. h3 b4 39. Kh2 Rc6
40. Rd1 Rc3 41. Rd6 f5 42. Bd5+ Kf4 43. Bb3 Ke3 44. Ba4 f4 45. Rb6 Rc4 46. Rd6
f3 47. gxf3 Nxf3+ 48. Kg3 Nd4 49. Rd8 Nf5+ 50. Kh2 Kf4 51. Rd2 Kf3 52. Rd3+ Ne3
53. Bb3 Rc5 54. h4 Kf4 55. Rd4+ Kf3 56. Rxb4 Ng4+ 57. Kh3 Nf2+ 58. Kh2 Re5 59.
a4 Ng4+ 60. Rxg4 Kxg4 1/2-1/2

[Event "Veletrzni turnaj 2018"]
[Site "Střední škola informatiky, "]
[Date "2018.08.26"]
[Round "2.8"]
[White "Nezval, Filip"]
[Black "Stehlik, Jiri"]
[Result "1/2-1/2"]
[WhiteElo "1659"]
[BlackElo "1947"]
[PlyCount "95"]
[EventDate "2018.08.26"]

1. d4 d5 2. c4 c6 3. Nc3 Nf6 4. Nf3 g6 5. Bg5 Bg7 6. e3 O-O 7. Ne5 Ne4 8. Bf4
f6 9. Nf3 Nxc3 10. bxc3 Be6 11. Qb3 b6 12. Be2 Nd7 13. O-O Bf7 14. cxd5 cxd5
15. c4 e5 16. dxe5 Nxe5 17. Bxe5 fxe5 18. Rad1 dxc4 19. Bxc4 Qc7 20. Bxf7+ Rxf7
21. Rd5 Bf6 22. Rfd1 Kg7 23. Rd6 e4 24. Re6 Qb7 25. Ne5 Bxe5 26. Rxe5 Raf8 27.
Rd2 Qc6 28. Qb2 Kg8 29. g3 Rc8 30. Kg2 Qf6 31. Red5 Qxb2 32. Rxb2 Re7 33. a4
Kg7 34. a5 bxa5 35. Rxa5 Rcc7 36. Rb4 Rc2 37. Rba4 Rf7 38. Rxa7 Rcxf2+ 39. Kg1
Rf1+ 40. Kg2 R1f2+ 41. Kg1 Rf1+ 42. Kg2 R1f2+ 43. Kh3 h5 44. Rxf7+ Kxf7 45.
Rxe4 g5 46. g4 Rf3+ 47. Kg2 hxg4 48. Rxg4 1/2-1/2

[Event "Veletrzni turnaj 2018"]
[Site "Střední škola informatiky, "]
[Date "2018.08.26"]
[Round "2.9"]
[White "Kosina, Vladimir"]
[Black "Habina, Martin"]
[Result "0-1"]
[WhiteElo "1705"]
[BlackElo "2002"]
[PlyCount "76"]
[EventDate "2018.08.26"]

1. e4 c5 2. Nc3 Nc6 3. Nf3 e6 4. d3 d5 5. Be2 d4 6. Nb1 e5 7. O-O Be7 8. Nbd2
Nf6 9. Re1 O-O 10. Nf1 h6 11. Ng3 Be6 12. c4 dxc3 13. bxc3 Qd7 14. Qc2 Rfd8 15.
Rb1 Rab8 16. Rd1 Rbc8 17. Qb2 b6 18. Be3 Qc7 19. h3 Rd7 20. Rd2 Rcd8 21. Rbd1
Kh7 22. Qb1 g6 23. Qc1 Ne8 24. Rc2 Bf8 25. d4 f5 26. dxe5 Rxd1+ 27. Bxd1 Nxe5
28. Nxe5 Qxe5 29. f4 Qf6 30. e5 Qf7 31. c4 Qc7 32. Be2 Ng7 33. Kf2 Be7 34. Nf1
Bc8 35. g3 Bb7 36. Nh2 Ne6 37. Rd2 Nd4 38. Bxd4 cxd4 0-1

[Event "Veletrzni turnaj 2018"]
[Site "Střední škola informatiky, "]
[Date "2018.08.26"]
[Round "2.10"]
[White "Dvorakova, Olga"]
[Black "Marsa, Alexandr"]
[Result "1-0"]
[WhiteElo "1626"]
[BlackElo "1910"]
[PlyCount "77"]
[EventDate "2018.08.26"]

1. d4 d5 2. c4 e6 3. Nc3 c6 4. Nf3 dxc4 5. e3 b5 6. a4 Bb4 7. Bd2 Qb6 8. Ne4
Be7 9. Be2 Bb7 10. O-O a6 11. Qe1 Nd7 12. Ba5 Qa7 13. Bb4 c5 14. Nxc5 Nxc5 15.
dxc5 Qb8 16. Nd4 Bd5 17. Bf3 Bxf3 18. Nxf3 Nf6 19. c6 bxa4 20. Bxe7 Kxe7 21.
Qc3 Qb3 22. Qxb3 axb3 23. Rfc1 Rhc8 24. Rxc4 Ne8 25. Rc3 Nd6 26. Nd4 Nb5 27.
Nxb5 axb5 28. Rxa8 Rxa8 29. Kf1 Kd6 30. c7 Kd7 31. Rxb3 Kxc7 32. Rxb5 Kc6 33.
Rb3 Ra1+ 34. Ke2 Rb1 35. g3 g5 36. Kf3 h5 37. h3 Kd6 38. Rb5 e5 39. Ke4 1-0

[Event "Veletrzni turnaj 2018"]
[Site "Střední škola informatiky, "]
[Date "2018.08.26"]
[Round "2.11"]
[White "Bata, Jiri"]
[Black "Senasi, Martin"]
[Result "0-1"]
[WhiteElo "1620"]
[BlackElo "1854"]
[PlyCount "88"]
[EventDate "2018.08.26"]

1. e4 d6 2. d4 Nf6 3. Nc3 c6 4. Bg5 Qa5 5. Bxf6 gxf6 6. Qd2 h5 7. O-O-O e5 8.
Kb1 f5 9. dxe5 dxe5 10. Qg5 f4 11. Bc4 Rh6 12. Nge2 Qc7 13. Rd3 Bg4 14. Rhd1
Na6 15. f3 Rg6 16. Qh4 Be7 17. Qe1 Bc8 18. g3 b5 19. Bb3 Nc5 20. R3d2 a5 21. a3
Nxb3 22. cxb3 Be6 23. Nc1 Rd8 24. Rxd8+ Bxd8 25. N3e2 f5 26. Nxf4 exf4 27. exf5
Rf6 28. g4 Kf7 29. fxe6+ Rxe6 30. Qd2 Be7 31. Qd3 hxg4 32. Qf5+ Bf6 33. Qxg4
Qe5 34. Qg2 Rd6 35. Rxd6 Qxd6 36. Qe2 Qd4 37. Qc2 Kf8 38. Nd3 Kf7 39. Qd2 c5
40. Qc2 c4 41. bxc4 bxc4 42. Ne1 Kf8 43. Ka1 Qe3 44. Qd1 Qxa3+ 0-1

[Event "Veletrzni turnaj 2018"]
[Site "Střední škola informatiky, "]
[Date "2018.08.26"]
[Round "2.13"]
[White "Habinova, Alice"]
[Black "Hrdlicka, Vladan"]
[Result "1-0"]
[WhiteElo "1396"]
[BlackElo "1827"]
[PlyCount "37"]
[EventDate "2018.08.26"]

1. e4 c5 2. Nc3 e6 3. f4 Nc6 4. Nf3 d5 5. exd5 exd5 6. d4 Nf6 7. Bb5 a6 8. Be2
Bg4 9. Be3 Qa5 10. O-O Bxf3 11. Bxf3 cxd4 12. Bxd4 Nxd4 13. Re1+ Ne4 14. Nxe4
Nxf3+ 15. Qxf3 dxe4 16. Qxe4+ Kd8 17. Qxb7 Bc5+ 18. Kh1 Ra7 19. Rad1+ 1-0

[Event "Veletrzni turnaj 2018"]
[Site "Střední škola informatiky, "]
[Date "2018.08.26"]
[Round "2.15"]
[White "Lisik, Miroslav"]
[Black "Dvorak, Adam"]
[Result "0-1"]
[WhiteElo "1667"]
[BlackElo "2188"]
[PlyCount "54"]
[EventDate "2018.08.26"]

1. e4 c5 2. Nc3 a6 3. Nf3 e6 4. d4 cxd4 5. Nxd4 Qc7 6. Bd3 Bc5 7. Nb3 Be7 8.
O-O Nf6 9. Qe2 d6 10. Bg5 Nbd7 11. Rad1 O-O 12. f4 b5 13. Bxf6 Bxf6 14. e5 dxe5
15. f5 Nc5 16. fxe6 Bxe6 17. Ne4 Be7 18. Nbxc5 Bxc5+ 19. Kh1 Be7 20. Qh5 f5 21.
Ng5 Bxg5 22. Qxg5 e4 23. Rfe1 exd3 24. Rxe6 Qxc2 25. Qc1 Qxc1 26. Rxc1 d2 27.
Rd1 Rfe8 0-1

[Event "Veletrzni turnaj 2018"]
[Site "Střední škola informatiky, "]
[Date "2018.08.26"]
[Round "2.16"]
[White "Meszaros, Ludek"]
[Black "Glozar, Petr"]
[Result "1/2-1/2"]
[WhiteElo "2134"]
[BlackElo "1831"]
[PlyCount "77"]
[EventDate "2018.08.26"]

1. d4 Nf6 2. c4 c5 3. d5 b5 4. cxb5 a6 5. e3 axb5 6. Bxb5 g6 7. Nc3 Ba6 8. Bxa6
Nxa6 9. Nf3 d6 10. O-O Bg7 11. e4 O-O 12. Re1 Qa5 13. Bg5 Rfb8 14. Rb1 Nc7 15.
e5 Nd7 16. Bxe7 dxe5 17. Bg5 Nb5 18. Nxb5 Qxb5 19. a3 Qb3 20. h3 Qxd1 21. Rexd1
e4 22. Nd2 Bxb2 23. Bf4 Be5 24. Rxb8+ Bxb8 25. Bxb8 Rxb8 26. Nxe4 Ra8 27. Rd3
Ra4 28. f3 f5 29. Ng5 h6 30. Ne6 Kf7 31. Rc3 c4 32. Kf2 Nb6 33. Nc5 Ra5 34. Nb7
Rxd5 35. a4 Rd2+ 36. Kg1 Rd7 37. a5 Rxb7 38. axb6 Rxb6 39. Rxc4 1/2-1/2

[Event "Veletrzni turnaj 2018"]
[Site "Střední škola informatiky, "]
[Date "2018.08.26"]
[Round "2.18"]
[White "Dumkova, Daniela"]
[Black "Neduchal, Jiri"]
[Result "1/2-1/2"]
[WhiteElo "1953"]
[BlackElo "1770"]
[PlyCount "72"]
[EventDate "2018.08.26"]

1. d4 Nf6 2. c4 g6 3. f3 d5 4. cxd5 Nxd5 5. e4 Nb6 6. Nc3 Bg7 7. Be3 O-O 8. Qd2
Nc6 9. O-O-O a5 10. h4 a4 11. h5 Na5 12. Bh6 Nac4 13. Qf4 e5 14. dxe5 Bxe5 15.
Qh4 Qxh4 16. Rxh4 Bf6 17. Rh1 Rd8 18. hxg6 Rxd1+ 19. Nxd1 hxg6 20. Nh3 Ra5 21.
Bf4 Bxh3 22. Rxh3 Bg5 23. Bxg5 Rxg5 24. f4 Rc5 25. Rc3 Rc6 26. Kc2 Kf8 27. b3
axb3+ 28. axb3 Na5 29. b4 Rxc3+ 30. Kxc3 Nc6 31. Ne3 Ke7 32. g4 Nd8 33. f5 gxf5
34. gxf5 Kd6 35. Ng4 Nc6 36. Bg2 Ne5 1/2-1/2

[Event "Veletrzni turnaj 2018"]
[Site "Střední škola informatiky, "]
[Date "2018.08.26"]
[Round "2.19"]
[White "Nemec, David"]
[Black "Zejda, Karel"]
[Result "1-0"]
[WhiteElo "1924"]
[BlackElo "1647"]
[PlyCount "79"]
[EventDate "2018.08.26"]

1. e4 c5 2. c3 d6 3. d4 cxd4 4. cxd4 Nf6 5. Nc3 e6 6. Nf3 Be7 7. Bg5 O-O 8. Rc1
a6 9. Bd3 h6 10. Bh4 Qa5 11. O-O Re8 12. Bb1 Nc6 13. a3 Qh5 14. Bg3 e5 15. d5
Na7 16. h3 Bd7 17. Bd3 Rac8 18. Be2 Qg6 19. Re1 Qh7 20. Nd2 g5 21. f3 Nh5 22.
Bf2 Ra8 23. Nc4 Nc8 24. a4 Nf4 25. Bf1 Qg6 26. Kh2 Qh5 27. Ne2 Nxe2 28. Bxe2
Qg6 29. Na5 Rb8 30. Rc7 Bd8 31. Rxb7 Bxa5 32. Rxb8 Bxe1 33. Bxe1 f5 34. Bxa6
fxe4 35. Qc2 Qf7 36. fxe4 Qf4+ 37. Bg3 Qe3 38. Bxc8 Rf8 39. Qc7 Rf1 40. Bxd7+
1-0

[Event "Veletrzni turnaj 2018"]
[Site "Střední škola informatiky, "]
[Date "2018.08.26"]
[Round "2.20"]
[White "Hruza, Dominik"]
[Black "Koci, Milos"]
[Result "1-0"]
[WhiteElo "1877"]
[BlackElo "1395"]
[PlyCount "61"]
[EventDate "2018.08.26"]

1. e4 c5 2. c3 e6 3. d4 cxd4 4. cxd4 a6 5. Nf3 d6 6. Nc3 Nf6 7. Be2 Be7 8. O-O
O-O 9. Bf4 Nbd7 10. Rc1 b6 11. e5 dxe5 12. dxe5 Ne8 13. Qc2 Bb7 14. Rfd1 Qc7
15. Qb1 Nc5 16. b4 Nd7 17. Na4 Qd8 18. Rxd7 Qxd7 19. Nxb6 Qd8 20. Nxa8 Qxa8 21.
Be3 Bd5 22. Bc5 Bxc5 23. Rxc5 Qa7 24. Qc2 g6 25. a3 f6 26. exf6 Rxf6 27. Rc8
Rf8 28. Qd3 Nc7 29. Rxf8+ Kxf8 30. Qc3 Ne8 31. Qh8+ 1-0

[Event "Veletrzni turnaj 2018"]
[Site "Střední škola informatiky, "]
[Date "2018.08.26"]
[Round "2.21"]
[White "Vavrinkova, Marie"]
[Black "Spodny, Josef"]
[Result "1/2-1/2"]
[WhiteElo "1228"]
[BlackElo "1872"]
[PlyCount "33"]
[EventDate "2018.08.26"]

1. e4 c5 2. Nf3 Nc6 3. d4 cxd4 4. Nxd4 e5 5. Nb3 Nf6 6. Bg5 h6 7. Bxf6 Qxf6 8.
Bd3 a5 9. a4 d6 10. Nc3 Be6 11. Nd2 Qd8 12. O-O Be7 13. Bc4 O-O 14. Bxe6 fxe6
15. Nc4 Nd4 16. Ne2 Nxe2+ 17. Qxe2 1/2-1/2

[Event "Veletrzni turnaj 2018"]
[Site "Střední škola informatiky, "]
[Date "2018.08.26"]
[Round "2.22"]
[White "Dirgas, Josef"]
[Black "Prokop, Jiri"]
[Result "1-0"]
[WhiteElo "2067"]
[BlackElo "1683"]
[PlyCount "93"]
[EventDate "2018.08.26"]

1. d4 f5 2. Nf3 Nf6 3. c4 e6 4. Nc3 d5 5. e3 c6 6. Be2 Bd6 7. Ne5 O-O 8. f4 Ne4
9. Nxe4 fxe4 10. O-O Nd7 11. Bd2 Be7 12. b4 Nxe5 13. fxe5 a6 14. Qb3 b5 15. c5
Bd7 16. a4 Rxf1+ 17. Rxf1 Qc7 18. Bg4 Rf8 19. Ra1 Ra8 20. axb5 cxb5 21. Qd1 Qc6
22. Qe1 g5 23. Qg3 h6 24. h4 gxh4 25. Bxe6+ Kh7 26. Bxd7 Qxd7 27. Qh3 Qxh3 28.
gxh3 Rg8+ 29. Kf2 Rg6 30. Be1 Bg5 31. Ke2 Bd8 32. Bf2 Kg7 33. Rc1 Rc6 34. Bg1
Kg6 35. Bh2 Kf5 36. Rf1+ Kg6 37. Rf8 Be7 38. Rb8 Kf7 39. Rb6 Re6 40. c6 Bxb4
41. c7 Rxb6 42. c8=Q Rg6 43. Qd7+ Kf8 44. Kf2 Be7 45. Qxd5 b4 46. Qxe4 Kg7 47.
e6 1-0

[Event "Veletrzni turnaj 2018"]
[Site "Střední škola informatiky, "]
[Date "2018.08.26"]
[Round "2.23"]
[White "Mares, Jaroslav"]
[Black "Doskar, Miloslav"]
[Result "1/2-1/2"]
[WhiteElo "2029"]
[BlackElo "1632"]
[PlyCount "96"]
[EventDate "2018.08.26"]

1. c4 Nf6 2. Nc3 d6 3. g3 g6 4. Bg2 Bg7 5. e4 Nc6 6. Nge2 e5 7. d3 O-O 8. O-O
Bg4 9. h3 Bd7 10. f4 exf4 11. Nxf4 Rb8 12. Rb1 Nd4 13. Be3 Ne8 14. Nfe2 Nxe2+
15. Qxe2 a6 16. Qd2 c6 17. Bg5 f6 18. Bf4 Qc8 19. Kh2 g5 20. Be3 h6 21. Ne2 Nc7
22. g4 Qe8 23. Ng3 Be6 24. Bd4 c5 25. Bc3 b5 26. b3 Qd7 27. Nh5 Ne8 28. Qb2 Qe7
29. Rf2 b4 30. Bd2 Bf7 31. Ng3 Bg6 32. Rbf1 f5 33. Qc2 f4 34. Nf5 Bxf5 35. exf5
Be5 36. Bf3 Nf6 37. Re1 Qh7 38. Kg2 Kg7 39. Rh1 Rbe8 40. Bc1 Rh8 41. Bb2 h5 42.
Kg1 h4 43. Kg2 Re7 44. Re2 Rhe8 45. Rhe1 Kf8 46. Qd2 Qg7 47. Bc6 Rc8 48. Bf3
Rce8 1/2-1/2

[Event "Veletrzni turnaj 2018"]
[Site "Střední škola informatiky, "]
[Date "2018.08.26"]
[Round "2.24"]
[White "Mouryc, Tomas"]
[Black "Kacalek, Tomas"]
[Result "1-0"]
[WhiteElo "1995"]
[BlackElo "1538"]
[PlyCount "136"]
[EventDate "2018.08.26"]

1. c4 Nf6 2. Nc3 g6 3. Nf3 Bg7 4. d4 d6 5. Bf4 O-O 6. e3 Nh5 7. Bg5 h6 8. Bh4
Nc6 9. Be2 a6 10. d5 Nb8 11. Nd4 Nf6 12. O-O c5 13. Nc2 Nbd7 14. Qd2 Rb8 15. a4
Re8 16. e4 Nf8 17. f4 Qc7 18. Ne3 N6h7 19. Rae1 Bd7 20. Ned1 Qa5 21. Qc2 Rbc8
22. Bg3 Qc7 23. Bd3 e6 24. e5 exd5 25. Nxd5 Qd8 26. exd6 Kh8 27. Ne7 f5 28.
Nxc8 Qxc8 29. Rxe8 Bxe8 30. Re1 Ne6 31. Qe2 Bf7 32. Nc3 Qd7 33. Nd5 Qxd6 34.
Kh1 Nf6 35. Nxf6 Bxf6 36. Qf3 Qd7 37. Bf2 Nd4 38. Bxd4 Bxd4 39. b3 Bf6 40. Qe3
Kg7 41. Bc2 Kf8 42. Qxc5+ Kg7 43. Qe3 Qc7 44. Bd1 Qd6 45. Bf3 Qc7 46. Rd1 b6
47. Bd5 a5 48. Bxf7 Kxf7 49. Qf3 Be7 50. Qd5+ Kf8 51. Qe5 Qc6 52. Qh8+ Kf7 53.
Qh7+ Kf6 54. Qxh6 Qe4 55. Qh8+ Kf7 56. Qd4 Qe2 57. Qd5+ Kf8 58. Qf3 Qc2 59. Re1
Bb4 60. Rd1 Be7 61. h3 Kf7 62. Qd3 Qf2 63. Rf1 Qb2 64. Qf3 Kf8 65. Re1 Kf7 66.
Qe2 Qf6 67. Qxe7+ Qxe7 68. Rxe7+ Kxe7 1-0